000 00913nab a2200265 u 4500
001 19214
003 HDC
007 cr bn ---aaaaa
008 210228c20101105xx dr|noo 0 a eng d
040 _aHDC
100 _aRoa-Fabular, Suzy May
_eauthor
_917727
245 0 _aPhilippines: Halal poultry standards set off / by
_cSuzy May Roa-Fabular
260 _a[No place] :
_b[publisher not identified],
_c2010
300 _a1 online resource
336 _atext
_2rdacontent
337 _acomputer
_2rdamedia
338 _aonline resource
_2rdacarrier
650 _ahalal industry
_9144
650 _aHalal Poultry Standards
_zPhilippines
_917728
710 _aHalal Focus
856 _zRequest full-text at [email protected]
942 _2lcc
942 _cNEWS
942 _kNWSO 006184
999 _c16530
_d16530